[Event "Mar del Plata op 37th"]
[Site "Mar del Plata"]
[Date "2006.04.14"]
[Round "8"]
[White "Forestani, Andres Luis"]
[Black "Rodriguez Vila, Andres"]
[Result "0-1"]
[WhiteElo "2201"]
[BlackElo "2502"]
[PlyCount "76"]
[EventDate "2006.04.08"]
[EventType "swiss"]
[EventRounds "9"]
[EventCountry "ARG"]
[SourceTitle "CBM 111 Extra"]
[Source "ChessBase"]
[SourceDate "2006.05.09"]
[SourceVersion "1"]
[SourceVersionDate "2006.05.09"]
[SourceQuality "1"]

1. c4 d6 2. g3 e5 3. Bg2 g6 4. Nc3 Bg7 5. Nf3 f5 6. d3 Nf6 7. O-O O-O 8. Rb1 h6
9. b4 g5 10. Bb2 Qe8 11. e3 Nc6 12. b5 Nd8 13. Nd2 h5 14. Nd5 Nxd5 15. Bxd5+
Be6 16. Bg2 h4 17. f4 hxg3 18. hxg3 Qg6 19. Rf2 Nf7 20. Kf1 Nh6 21. Bf3 Ng4 22.
Bxg4 fxg4 23. Ne4 gxf4 24. exf4 exf4 25. Bxg7 Kxg7 26. gxf4 g3 27. Rg2 Bh3 28.
Rbb2 Rxf4+ 29. Kg1 Raf8 30. Nxg3 Rg4 31. Qe1 Bxg2 32. Rxg2 Kg8 33. Qe3 Qf6 34.
d4 Qg6 35. Qb3 Qg5 36. c5+ Rf7 37. Qc3 Rg7 38. Qb3+ d5 0-1

[Event "Vitoria Espirito Sancto 1st"]
[Site "Vitoria"]
[Date "2006.05.15"]
[Round "1"]
[White "Diamant, Andre"]
[Black "Rodriguez Vila, Andres"]
[Result "1/2-1/2"]
[WhiteElo "2244"]
[BlackElo "2502"]
[PlyCount "98"]
[EventDate "2006.05.15"]
[EventType "tourn"]
[EventRounds "9"]
[EventCountry "BRA"]
[EventCategory "4"]
[SourceTitle "CBM 112 Extra"]
[Source "ChessBase"]
[SourceDate "2006.07.14"]
[SourceVersion "1"]
[SourceVersionDate "2006.07.14"]
[SourceQuality "1"]

1. e4 e6 2. d3 d5 3. Nd2 Nf6 4. Ngf3 Bc5 5. e5 Nfd7 6. d4 Be7 7. Bd3 c5 8. c4
cxd4 9. cxd5 exd5 10. O-O Nc6 11. Re1 Nc5 12. Nb3 Nxb3 13. Qxb3 O-O 14. h3 Be6
15. Bd2 Qd7 16. Rad1 Rfc8 17. Qc2 g6 18. Qb1 Qd8 19. a3 a5 20. g4 Qd7 21. Nh2
Kh8 22. f4 Rg8 23. Kh1 f5 24. g5 Qc7 25. Nf3 Qb6 26. Kg2 a4 27. h4 Na5 28. Bxa5
Rxa5 29. h5 Rg7 30. Rh1 Kg8 31. Kg3 Bc5 32. Rh2 Ra8 33. Rdh1 Kf7 34. Qc2 Qa5
35. hxg6+ hxg6 36. Rh8 Rag8 37. R1h7 Kf8 38. Qh2 Rxh8 39. Rxh8+ Bg8 40. e6 Bd6
41. Qc2 Qc7 42. Qxa4 Bxf4+ 43. Kg2 Re7 44. Qxd4 Rxe6 45. Rxg8+ Kxg8 46. Qxd5
Qb6 47. Bc4 Qxb2+ 48. Kh3 Qh8+ 49. Kg2 Qb2+ 1/2-1/2

[Event "Vitoria Espirito Sancto 1st"]
[Site "Vitoria"]
[Date "2006.05.16"]
[Round "2"]
[White "Rodriguez Vila, Andres"]
[Black "Stamenkovic, Dragan"]
[Result "1-0"]
[WhiteElo "2502"]
[BlackElo "2334"]
[PlyCount "69"]
[EventDate "2006.05.15"]
[EventType "tourn"]
[EventRounds "9"]
[EventCountry "BRA"]
[EventCategory "4"]
[SourceTitle "CBM 112 Extra"]
[Source "ChessBase"]
[SourceDate "2006.07.14"]
[SourceVersion "1"]
[SourceVersionDate "2006.07.14"]
[SourceQuality "1"]

1. e4 c5 2. Nf3 Nc6 3. d4 cxd4 4. Nxd4 e6 5. g3 a6 6. Bg2 Qc7 7. O-O Nf6 8. Nc3
Be7 9. Re1 d6 10. Nxc6 bxc6 11. e5 dxe5 12. Rxe5 O-O 13. Bf4 Qb7 14. Na4 Nd5
15. Bd2 Rb8 16. Re2 Rd8 17. c4 Nb4 18. Qb1 h6 19. Bf4 Ra8 20. Re3 a5 21. Rb3
Ra6 22. a3 Qa8 23. Be3 Bg5 24. Bxg5 hxg5 25. Nc5 Ra7 26. axb4 axb4 27. Rxa7
Qxa7 28. Ne4 Qd4 29. Bf1 f6 30. Rd3 Qb6 31. c5 Qa5 32. Rxd8+ Qxd8 33. Qd3 Qa5
34. Qd6 e5 35. Qb8 1-0

[Event "Vitoria Espirito Sancto 1st"]
[Site "Vitoria"]
[Date "2006.05.17"]
[Round "4"]
[White "Rodriguez Vila, Andres"]
[Black "Costa, Fernando VLS"]
[Result "1-0"]
[WhiteElo "2502"]
[BlackElo "2213"]
[PlyCount "75"]
[EventDate "2006.05.15"]
[EventType "tourn"]
[EventRounds "9"]
[EventCountry "BRA"]
[EventCategory "4"]
[SourceTitle "CBM 112 Extra"]
[Source "ChessBase"]
[SourceDate "2006.07.14"]
[SourceVersion "1"]
[SourceVersionDate "2006.07.14"]
[SourceQuality "1"]

1. e4 c5 2. Nf3 Nc6 3. g3 g6 4. Bg2 Bg7 5. O-O d6 6. c3 Nf6 7. Re1 Bg4 8. h3
Bxf3 9. Bxf3 Nd7 10. Na3 O-O 11. d3 Rb8 12. Nc2 b5 13. d4 Qc7 14. d5 Nce5 15.
Be2 Nf6 16. f4 Ned7 17. Bf3 Rfe8 18. g4 Nb6 19. g5 Nfd7 20. Ne3 c4 21. Ng4 Nc5
22. Nf2 a5 23. Be3 Nba4 24. Re2 b4 25. Bd4 bxc3 26. Bxg7 cxb2 27. Ng4 Qb6 28.
Kh2 h5 29. gxh6 b1=Q 30. Rxb1 Qxb1 31. Qd4 Qd3 32. Qf2 c3 33. f5 Rb2 34. fxg6
fxg6 35. Bd4 e5 36. dxe6 Rxe6 37. h7+ Kxh7 38. Qh4+ 1-0

[Event "Vitoria Espirito Sancto 1st"]
[Site "Vitoria"]
[Date "2006.05.18"]
[Round "5"]
[White "Hungaski, Robert Andrew"]
[Black "Rodriguez Vila, Andres"]
[Result "0-1"]
[WhiteElo "2400"]
[BlackElo "2502"]
[PlyCount "70"]
[EventDate "2006.05.15"]
[EventType "tourn"]
[EventRounds "9"]
[EventCountry "BRA"]
[EventCategory "4"]
[SourceTitle "CBM 112 Extra"]
[Source "ChessBase"]
[SourceDate "2006.07.14"]
[SourceVersion "1"]
[SourceVersionDate "2006.07.14"]
[SourceQuality "1"]

1. e4 e6 2. d4 d5 3. e5 c5 4. c3 Nc6 5. Nf3 Bd7 6. Be2 f6 7. O-O fxe5 8. Nxe5
Nxe5 9. dxe5 Bc6 10. c4 Ne7 11. Bg5 Qd7 12. Bh5+ g6 13. Bf3 Bg7 14. Nc3 d4 15.
Bxe7 Qxe7 16. Bxc6+ bxc6 17. Ne4 Bxe5 18. f4 Bd6 19. Qa4 Rc8 20. Rae1 O-O 21.
Rf3 Bb8 22. Qa5 Rf5 23. Qa6 Rc7 24. g4 Rf8 25. Ng5 Rxf4 26. Rxf4 Qxg5 27. Ref1
d3 28. Rf8+ Kg7 29. Rxb8 Qxg4+ 30. Kh1 Qe4+ 31. Kg1 Qe3+ 32. Kh1 Qe2 33. Qa4 d2
34. Rbf8 Rd7 35. Qd1 Qxd1 0-1

[Event "Vitoria Espirito Sancto 1st"]
[Site "Vitoria"]
[Date "2006.05.19"]
[Round "6"]
[White "Rodriguez Vila, Andres"]
[Black "Souza Neves, Andrey Marcelo"]
[Result "1-0"]
[WhiteElo "2502"]
[BlackElo "2207"]
[PlyCount "81"]
[EventDate "2006.05.15"]
[EventType "tourn"]
[EventRounds "9"]
[EventCountry "BRA"]
[EventCategory "4"]
[SourceTitle "CBM 112 Extra"]
[Source "ChessBase"]
[SourceDate "2006.07.14"]
[SourceVersion "1"]
[SourceVersionDate "2006.07.14"]
[SourceQuality "1"]

1. e4 g6 2. d4 Bg7 3. h4 c5 4. dxc5 Qa5+ 5. c3 Qxc5 6. h5 d6 7. Be3 Qc7 8. Nh3
gxh5 9. Nf4 Nf6 10. Na3 Nc6 11. Nb5 Qd8 12. Nd5 Nxd5 13. exd5 Ne5 14. Qxh5 Bg4
15. Qg5 Bf6 16. Qf4 a6 17. Nd4 Qc7 18. Nf5 Bxf5 19. Qxf5 Nc4 20. Bxc4 Qxc4 21.
Bd2 Rg8 22. g3 Rg6 23. Rxh7 b5 24. O-O-O Qxa2 25. Rdh1 Rg8 26. Re1 Rg6 27. Re4
a5 28. Reh4 Rg8 29. Qh5 Bxh4 30. Qxf7+ Kd7 31. Rxh4 Rae8 32. Qf5+ Kc7 33. Qd3
Rb8 34. Re4 Rge8 35. Bg5 Kd8 36. Re6 Rb6 37. Qe2 Qc4 38. Qe3 Qf1+ 39. Kd2 Rb7
40. Rxd6+ Rd7 41. Qb6+ 1-0

[Event "Vitoria Espirito Sancto 1st"]
[Site "Vitoria"]
[Date "2006.05.19"]
[Round "7"]
[White "Crosa Coll, Martin"]
[Black "Rodriguez Vila, Andres"]
[Result "1/2-1/2"]
[WhiteElo "2449"]
[BlackElo "2502"]
[PlyCount "26"]
[EventDate "2006.05.15"]
[EventType "tourn"]
[EventRounds "9"]
[EventCountry "BRA"]
[EventCategory "4"]
[SourceTitle "CBM 112 Extra"]
[Source "ChessBase"]
[SourceDate "2006.07.14"]
[SourceVersion "1"]
[SourceVersionDate "2006.07.14"]
[SourceQuality "1"]

1. e4 e6 2. d4 b6 3. Bd3 c5 4. Nf3 Bb7 5. c3 Nf6 6. Qe2 Be7 7. O-O Nc6 8. a3 d6
9. Nbd2 cxd4 10. cxd4 a6 11. Rd1 O-O 12. b4 b5 13. Bb2 Re8 1/2-1/2

[Event "Vitoria Espirito Sancto 1st"]
[Site "Vitoria"]
[Date "2006.05.20"]
[Round "8"]
[White "Di Berardino, Diego Rafael"]
[Black "Rodriguez Vila, Andres"]
[Result "0-1"]
[WhiteElo "2342"]
[BlackElo "2502"]
[PlyCount "88"]
[EventDate "2006.05.15"]
[EventType "tourn"]
[EventRounds "9"]
[EventCountry "BRA"]
[EventCategory "4"]
[SourceTitle "CBM 112 Extra"]
[Source "ChessBase"]
[SourceDate "2006.07.14"]
[SourceVersion "1"]
[SourceVersionDate "2006.07.14"]
[SourceQuality "1"]

1. e4 e6 2. d4 d5 3. Nc3 Bb4 4. e5 c5 5. a3 Bxc3+ 6. bxc3 Nc6 7. Qg4 g6 8. Qd1
Qa5 9. Bd2 Qa4 10. Nf3 c4 11. g3 Bd7 12. h4 h6 13. Bg2 O-O-O 14. O-O f5 15.
exf6 Nxf6 16. Qc1 Ne4 17. Re1 Qa5 18. a4 Rh7 19. Ra3 Rdh8 20. Bf4 Qd8 21. a5
Qf8 22. a6 b6 23. Nd2 Nf6 24. Ra1 Rf7 25. Nf3 Ne4 26. Qe3 Rf5 27. Be5 Rg8 28.
g4 Rf7 29. Bh2 g5 30. hxg5 hxg5 31. Ne5 Nxe5 32. Bxe5 Nxf2 33. Qg3 Bc6 34. Bb8
Ne4 35. Qe5 Qe7 36. Rf1 Rgf8 37. Rxf7 Rxf7 38. Rf1 Rxf1+ 39. Kxf1 Qf6+ 40. Kg1
Qxe5 41. Bxe5 Nxc3 42. Bf6 Ba4 43. Bxg5 Bxc2 44. Be7 Ne2+ 0-1

[Event "Guarapari 1st"]
[Site "Guarapari"]
[Date "2006.05.24"]
[Round "2.2"]
[White "Crosa Coll, Martin"]
[Black "Rodriguez Vila, Andres"]
[Result "1/2-1/2"]
[WhiteElo "2449"]
[BlackElo "2502"]
[PlyCount "21"]
[EventDate "2006.05.23"]
[EventType "tourn"]
[EventRounds "9"]
[EventCountry "BRA"]
[SourceTitle "CBM 112 Extra"]
[Source "ChessBase"]
[SourceDate "2006.07.14"]
[SourceVersion "1"]
[SourceVersionDate "2006.07.14"]
[SourceQuality "1"]

1. e4 c5 2. Nf3 d6 3. d4 cxd4 4. Nxd4 Nf6 5. Nc3 e6 6. Be3 Be7 7. f3 Nc6 8. Qd2
O-O 9. O-O-O a6 10. g4 Nxd4 11. Qxd4 1/2-1/2

[Event "Guarapari 1st"]
[Site "Guarapari"]
[Date "2006.05.25"]
[Round "4.3"]
[White "Neves, Andrey Marcelo"]
[Black "Rodriguez Vila, Andres"]
[Result "0-1"]
[WhiteElo "2207"]
[BlackElo "2502"]
[PlyCount "74"]
[EventDate "2006.05.23"]
[EventType "tourn"]
[EventRounds "9"]
[EventCountry "BRA"]
[SourceTitle "CBM 112 Extra"]
[Source "ChessBase"]
[SourceDate "2006.07.14"]
[SourceVersion "1"]
[SourceVersionDate "2006.07.14"]
[SourceQuality "1"]

1. d4 f5 2. g3 Nf6 3. Bg2 d6 4. Nf3 g6 5. c4 Bg7 6. Nc3 O-O 7. O-O Nc6 8. d5
Ne5 9. Nxe5 dxe5 10. Qb3 h6 11. c5 Kh8 12. Rd1 a6 13. Bd2 Qe8 14. Be1 g5 15.
Na4 Bd7 16. c6 bxc6 17. dxc6 Bxc6 18. Bxc6 Qxc6 19. Rac1 Qb5 20. Qc2 Rab8 21.
b3 e4 22. Nc5 Rb6 23. Qc4 Rc6 24. Qc2 e6 25. a4 Qb8 26. Qa2 Qe8 27. f3 Qh5 28.
Kg2 Nd5 29. Rxd5 exd5 30. b4 exf3+ 31. exf3 g4 32. Qxd5 Qh3+ 33. Kg1 Rd6 34.
Qc4 Bd4+ 35. Qxd4+ Rxd4 36. Bc3 gxf3 37. Bxd4+ Kg8 0-1

[Event "Guarapari 1st"]
[Site "Guarapari"]
[Date "2006.05.27"]
[Round "6.4"]
[White "Asfora, Marco Antonio Hazin"]
[Black "Rodriguez Vila, Andres"]
[Result "0-1"]
[WhiteElo "2285"]
[BlackElo "2502"]
[PlyCount "78"]
[EventDate "2006.05.23"]
[EventType "tourn"]
[EventRounds "9"]
[EventCountry "BRA"]
[SourceTitle "CBM 112 Extra"]
[Source "ChessBase"]
[SourceDate "2006.07.14"]
[SourceVersion "1"]
[SourceVersionDate "2006.07.14"]
[SourceQuality "1"]

1. e4 e6 2. d4 d5 3. Nc3 Bb4 4. e5 c5 5. a3 Bxc3+ 6. bxc3 Nc6 7. Qg4 g6 8. Nf3
Qa5 9. Bd2 Qa4 10. Ra2 b6 11. Bd3 Ba6 12. Qf4 Bxd3 13. cxd3 cxd4 14. Ng5 Nd8
15. O-O Qb3 16. Raa1 dxc3 17. Bxc3 Qxc3 18. Rac1 Qxd3 19. g4 h6 20. Nxf7 Nxf7
21. Rc7 Ng5 22. Qa4+ b5 23. Qa6 Ne7 24. Rxe7+ Kxe7 25. Qb7+ Kf8 26. Qxa8+ Kg7
27. Qxa7+ Nf7 28. Qe7 Qf3 29. Qxe6 h5 30. Rb1 Qxg4+ 31. Qxg4 hxg4 32. Rxb5 Nxe5
33. Rxd5 Nf3+ 34. Kg2 Ra8 35. h3 Ne1+ 36. Kg3 gxh3 37. Kxh3 Rxa3+ 38. Kg4 Nf3
39. Rd7+ Kh6 0-1

[Event "Guarapari 1st"]
[Site "Guarapari"]
[Date "2006.05.29"]
[Round "8.5"]
[White "Diamant, Andre"]
[Black "Rodriguez Vila, Andres"]
[Result "1/2-1/2"]
[WhiteElo "2244"]
[BlackElo "2502"]
[PlyCount "31"]
[EventDate "2006.05.23"]
[EventType "tourn"]
[EventRounds "9"]
[EventCountry "BRA"]
[SourceTitle "CBM 112 Extra"]
[Source "ChessBase"]
[SourceDate "2006.07.14"]
[SourceVersion "1"]
[SourceVersionDate "2006.07.14"]
[SourceQuality "1"]

1. e4 e6 2. d3 d5 3. Nd2 Nf6 4. Ngf3 dxe4 5. dxe4 Nc6 6. Be2 e5 7. O-O Bc5 8.
c3 Qe7 9. Qc2 O-O 10. a4 a5 11. Nc4 Re8 12. Be3 Be6 13. Nfd2 Rad8 14. Rad1 Bxe3
15. Nxe3 Qc5 16. Bc4 1/2-1/2

[Event "Barcelona Sants op 08th"]
[Site "Barcelona"]
[Date "2006.08.25"]
[Round "1"]
[White "Riera Morilla, Elizabeth"]
[Black "Rodriguez Vila, Andres"]
[Result "0-1"]
[WhiteElo "2031"]
[BlackElo "2511"]
[PlyCount "54"]
[EventDate "2006.08.25"]
[EventType "swiss"]
[EventRounds "10"]
[EventCountry "ESP"]
[SourceTitle "CBM 113 Extra"]
[Source "ChessBase"]
[SourceDate "2006.09.14"]
[SourceVersion "1"]
[SourceVersionDate "2006.09.14"]
[SourceQuality "1"]

1. e4 e6 2. d4 d5 3. exd5 exd5 4. Bd3 c5 5. dxc5 Bxc5 6. Nc3 Ne7 7. Qh5 Qb6 8.
Qe2 O-O 9. Nf3 Bg4 10. Bxh7+ Kh8 11. Bd3 Nbc6 12. Nb5 a6 13. h3 Bh5 14. g4 Rae8
15. O-O axb5 16. gxh5 Nf5 17. Qd1 Ng3 18. h6 g6 19. Bg5 f6 20. Bf4 Nxf1 21.
Qxf1 Ne5 22. Nh4 Rg8 23. Bxe5 fxe5 24. Qe2 e4 25. Bxb5 Ref8 26. Rf1 Rxf2 27.
Rxf2 Rf8 0-1

[Event "Barcelona Sants op 08th"]
[Site "Barcelona"]
[Date "2006.08.26"]
[Round "2"]
[White "Rodriguez Vila, Andres"]
[Black "Marchador Villalba, Jordi"]
[Result "1-0"]
[WhiteElo "2511"]
[BlackElo "2113"]
[PlyCount "61"]
[EventDate "2006.08.25"]
[EventType "swiss"]
[EventRounds "10"]
[EventCountry "ESP"]
[SourceTitle "CBM 113 Extra"]
[Source "ChessBase"]
[SourceDate "2006.09.14"]
[SourceVersion "1"]
[SourceVersionDate "2006.09.14"]
[SourceQuality "1"]

1. e4 Nf6 2. d3 b5 3. g4 e5 4. g5 Ng8 5. Bg2 Bb7 6. Nf3 d6 7. c3 Nd7 8. a4 a6
9. Be3 c5 10. Nbd2 Ne7 11. Qb3 Nc6 12. axb5 Na5 13. Qd1 axb5 14. d4 Nc4 15.
Nxc4 bxc4 16. d5 Rxa1 17. Qxa1 Qb6 18. Nd2 Be7 19. Nxc4 Qa6 20. Qxa6 Bxa6 21.
Na5 Nb8 22. Kd2 Kd7 23. b4 cxb4 24. cxb4 Bd8 25. Bh3+ Ke7 26. Rc1 Bb5 27. Rc8
Na6 28. Nc6+ Bxc6 29. dxc6 Rf8 30. Kc3 Nc7 31. Kc4 1-0

[Event "Barcelona Sants op 08th"]
[Site "Barcelona"]
[Date "2006.08.27"]
[Round "3"]
[White "Ayza Ballester, Jordi"]
[Black "Rodriguez Vila, Andres"]
[Result "0-1"]
[WhiteElo "2263"]
[BlackElo "2511"]
[PlyCount "59"]
[EventDate "2006.08.25"]
[EventType "swiss"]
[EventRounds "10"]
[EventCountry "ESP"]
[SourceTitle "CBM 113 Extra"]
[Source "ChessBase"]
[SourceDate "2006.09.14"]
[SourceVersion "1"]
[SourceVersionDate "2006.09.14"]
[SourceQuality "1"]

1. e4 e6 2. d4 d5 3. Nc3 Bb4 4. e5 c5 5. Bd2 Ne7 6. a3 Bxc3 7. Bxc3 cxd4 8.
Bxd4 Nbc6 9. Nf3 Nf5 10. c3 Bd7 11. Be2 a5 12. O-O Nfxd4 13. cxd4 Qb6 14. Qd2
a4 15. Qg5 O-O 16. Bd3 h6 17. Qd2 Na5 18. Qe2 Rfc8 19. g4 Be8 20. Rad1 Nc4 21.
Kh1 Qb3 22. Rb1 Bb5 23. Rfd1 g6 24. Nh4 Ba6 25. Qf3 Nxb2 26. Rd2 Bxd3 27. Rdd1
Ba6 28. Rxb2 Qxb2 29. Qf6 Rc7 30. Qf3 0-1

[Event "Barcelona Sants op 08th"]
[Site "Barcelona"]
[Date "2006.08.28"]
[Round "4"]
[White "Rodriguez Vila, Andres"]
[Black "Hernando Rodrigo, Julio Antonio"]
[Result "1-0"]
[WhiteElo "2511"]
[BlackElo "2345"]
[PlyCount "94"]
[EventDate "2006.08.25"]
[EventType "swiss"]
[EventRounds "10"]
[EventCountry "ESP"]
[SourceTitle "CBM 113 Extra"]
[Source "ChessBase"]
[SourceDate "2006.09.14"]
[SourceVersion "1"]
[SourceVersionDate "2006.09.14"]
[SourceQuality "1"]

1. f4 Nf6 2. d3 d5 3. Nf3 g6 4. g3 Bg7 5. Bg2 O-O 6. O-O c5 7. Qe1 Nc6 8. Na3
d4 9. c4 Rb8 10. h3 a6 11. g4 e6 12. Bd2 Bd7 13. Qh4 Ne8 14. Qg3 Qe7 15. h4 f5
16. g5 Nd6 17. Qh2 Nf7 18. h5 Nd6 19. Rae1 Be8 20. hxg6 hxg6 21. Nc2 b5 22.
cxb5 axb5 23. e3 dxe3 24. Bxe3 c4 25. Bc5 cxd3 26. Ncd4 Nxd4 27. Nxd4 Bf7 28.
b4 Rbc8 29. Nc6 Rxc6 30. Bxc6 Rc8 31. Bf3 Qd7 32. Kg2 Nc4 33. Rh1 Rxc5 34. bxc5
d2 35. Rd1 e5 36. c6 Qd3 37. c7 Be6 38. Qh7+ Kf8 39. Qxg6 Ne3+ 40. Kh2 Qc4 41.
Kh3 Nxd1 42. Rxd1 Qd3 43. Kg2 Bc8 44. fxe5 Bxe5 45. Qh6+ Bg7 46. Qc6 Be5 47.
Qa8 Bg7 1-0

[Event "Barcelona Sants op 08th"]
[Site "Barcelona"]
[Date "2006.08.29"]
[Round "5"]
[White "Almeida Quintana, Omar"]
[Black "Rodriguez Vila, Andres"]
[Result "1/2-1/2"]
[WhiteElo "2475"]
[BlackElo "2511"]
[PlyCount "102"]
[EventDate "2006.08.25"]
[EventType "swiss"]
[EventRounds "10"]
[EventCountry "ESP"]
[SourceTitle "CBM 113 Extra"]
[Source "ChessBase"]
[SourceDate "2006.09.14"]
[SourceVersion "1"]
[SourceVersionDate "2006.09.14"]
[SourceQuality "1"]

1. d4 f5 2. Nc3 Nf6 3. Bg5 d5 4. Bxf6 exf6 5. e3 Be6 6. h4 h5 7. Nh3 Qd7 8. Nf4
Bf7 9. Be2 g6 10. Ncxd5 Bxd5 11. Nxg6 Rh6 12. Bxh5 Qb5 13. Nf4+ Bf7 14. Bxf7+
Kxf7 15. Qd3 Qxd3 16. Nxd3 Bd6 17. g3 Nd7 18. Kd2 Rhh8 19. c4 c5 20. b4 cxb4
21. c5 Be7 22. Rhc1 a5 23. a3 bxa3 24. Rxa3 b6 25. Rca1 Rhc8 26. Ke2 Rab8 27.
Rb3 bxc5 28. Rxb8 Rxb8 29. Rxa5 c4 30. Nf4 Rb2+ 31. Kf3 c3 32. Ra7 c2 33. Nd3
Rb3 34. Nc1 Rb1 35. Rxd7 Rxc1 36. Rc7 Kg6 37. d5 Bb4 38. Kg2 Ba5 39. Rc8 Kf7
40. Kf3 Ke7 41. Rc6 Be1 42. h5 Ba5 43. Kf4 Rh1 44. Rxc2 Rxh5 45. Rc5 Bd8 46. g4
Rg5 47. gxf5 Kd6 48. Rc2 Bc7 49. Ke4 Kd7 50. Rc6 Bd6 51. Ra6 Be7 1/2-1/2

[Event "Barcelona Sants op 08th"]
[Site "Barcelona"]
[Date "2006.08.30"]
[Round "6"]
[White "Rodriguez Vila, Andres"]
[Black "Giorgadze, Giorgi"]
[Result "1/2-1/2"]
[WhiteElo "2511"]
[BlackElo "2607"]
[PlyCount "24"]
[EventDate "2006.08.25"]
[EventType "swiss"]
[EventRounds "10"]
[EventCountry "ESP"]
[SourceTitle "CBM 113 Extra"]
[Source "ChessBase"]
[SourceDate "2006.09.14"]
[SourceVersion "1"]
[SourceVersionDate "2006.09.14"]
[SourceQuality "1"]

1. e4 e5 2. Nf3 Nc6 3. Bc4 Bc5 4. c3 Nf6 5. d3 d6 6. h3 Bb6 7. a4 a5 8. O-O Ne7
9. Re1 Ng6 10. d4 O-O 11. dxe5 Nxe5 12. Nxe5 dxe5 1/2-1/2

[Event "Barcelona Sants op 08th"]
[Site "Barcelona"]
[Date "2006.08.31"]
[Round "7"]
[White "Panelo Munoz, Marcelo A"]
[Black "Rodriguez Vila, Andres"]
[Result "0-1"]
[WhiteElo "2418"]
[BlackElo "2511"]
[PlyCount "62"]
[EventDate "2006.08.25"]
[EventType "swiss"]
[EventRounds "10"]
[EventCountry "ESP"]
[SourceTitle "CBM 113 Extra"]
[Source "ChessBase"]
[SourceDate "2006.09.14"]
[SourceVersion "1"]
[SourceVersionDate "2006.09.14"]
[SourceQuality "1"]

1. d4 f5 2. g3 Nf6 3. Bg2 d6 4. Nf3 g6 5. O-O Bg7 6. c4 O-O 7. Nc3 c6 8. Qb3
Na6 9. Rd1 Qe8 10. Rb1 h6 11. Qa3 g5 12. b4 Nc7 13. b5 Ne4 14. bxc6 bxc6 15.
Nxe4 fxe4 16. Nd2 Bg4 17. Nxe4 Bxe2 18. Re1 Bxc4 19. Nxd6 Qg6 20. Nxc4 Qxb1 21.
Be4 Qb5 22. Ne5 Nd5 23. Bd3 Qb7 24. Qa4 Rf6 25. Bc4 Rd8 26. Qc2 Rdf8 27. Qe4
Re6 28. Bd3 Nf6 29. Qg6 Qb4 30. Re2 Rd6 31. h4 Qxd4 0-1

[Event "Barcelona Sants op 08th"]
[Site "Barcelona"]
[Date "2006.09.01"]
[Round "8"]
[White "Rodriguez Vila, Andres"]
[Black "Narciso Dublan, Marc"]
[Result "0-1"]
[WhiteElo "2511"]
[BlackElo "2467"]
[PlyCount "110"]
[EventDate "2006.08.25"]
[EventType "swiss"]
[EventRounds "10"]
[EventCountry "ESP"]
[SourceTitle "CBM 113 Extra"]
[Source "ChessBase"]
[SourceDate "2006.09.14"]
[SourceVersion "1"]
[SourceVersionDate "2006.09.14"]
[SourceQuality "1"]

1. e4 d6 2. d4 Nf6 3. Nc3 g6 4. h3 Bg7 5. Be3 O-O 6. Qd2 e5 7. d5 c6 8. dxc6
Nxc6 9. O-O-O Qa5 10. Bc4 Rd8 11. Nf3 Be6 12. Bxe6 fxe6 13. Kb1 Rd7 14. Bh6
Bxh6 15. Qxh6 Qb6 16. Qh4 Rf8 17. Rd3 d5 18. exd5 exd5 19. Ng5 Nd4 20. Rhd1 Rc8
21. Nf3 Nf5 22. Qa4 e4 23. Nxd5 Rxd5 24. Rxd5 Nxd5 25. Rxd5 exf3 26. g4 Qxf2
27. Rd1 Ne3 28. Qb3+ Kh8 29. Rc1 Kg7 30. Qe6 Rf8 31. Qd7+ Rf7 32. Qd4+ Kh6 33.
h4 Nxg4 34. Qxg4 Qe3 35. Qc4 Rf4 36. Qf1 Rxh4 37. Re1 Qd2 38. a3 Rh2 39. Rc1 f2
40. Rd1 Qe3 41. Ka2 Qe6+ 42. c4 Qh3 43. Qe2 f1=Q 44. Qxf1 Qxf1 45. Rxf1 Kg7 46.
Rd1 Rf2 47. c5 h5 48. Rd7+ Rf7 49. Rd5 h4 50. b4 Kh6 51. b5 Rc7 52. Kb3 g5 53.
Kb4 h3 54. Rd6+ Kh5 55. c6 bxc6 0-1

[Event "Barcelona Sants op 08th"]
[Site "Barcelona"]
[Date "2006.09.02"]
[Round "9"]
[White "Michalczak, Thomas"]
[Black "Rodriguez Vila, Andres"]
[Result "1/2-1/2"]
[WhiteElo "2342"]
[BlackElo "2511"]
[PlyCount "124"]
[EventDate "2006.08.25"]
[EventType "swiss"]
[EventRounds "10"]
[EventCountry "ESP"]
[SourceTitle "CBM 113 Extra"]
[Source "ChessBase"]
[SourceDate "2006.09.14"]
[SourceVersion "1"]
[SourceVersionDate "2006.09.14"]
[SourceQuality "1"]

1. e4 e6 2. d4 d5 3. Nc3 Bb4 4. e5 c5 5. a3 Bxc3+ 6. bxc3 Nc6 7. Qg4 g6 8. a4
Qc7 9. Bd2 f5 10. Qf4 Bd7 11. Nf3 h6 12. h4 O-O-O 13. Qe3 Nge7 14. Bd3 c4 15.
Bf1 Rdg8 16. Bc1 Nd8 17. Ba3 Bc6 18. Bd6 Qd7 19. a5 Nf7 20. Bc5 Kb8 21. g3 Nc8
22. Be2 Qd8 23. Ng1 g5 24. Bh5 Rh7 25. Bxf7 Rxf7 26. hxg5 hxg5 27. Rh6 Bd7 28.
Qf3 Rh8 29. Qh5 Rxh6 30. Qxh6 Qg8 31. Kd2 Rh7 32. Qf8 Qxf8 33. Bxf8 f4 34. gxf4
Rf7 35. Bc5 Rxf4 36. Nh3 Rf3 37. Nxg5 Rxf2+ 38. Kc1 Rg2 39. Nh7 Be8 40. Nf8
Rg1+ 41. Kb2 Rxa1 42. Kxa1 Bf7 43. Kb2 Kc7 44. Ka3 Kd8 45. Kb2 Ke8 46. Ka3 Bg8
47. Ka4 Kf7 48. Kb5 a6+ 49. Ka4 Kg7 50. Ka3 Kf7 51. Kb4 Ke8 52. Ka4 Kd8 53. Kb4
Bf7 54. Ka4 Ne7 55. Bxe7+ Kxe7 56. Nh7 Bg6 57. Ng5 Kd7 58. Kb4 Bf5 59. Kc5 Kc7
60. Nf7 Bxc2 61. Ng5 Bf5 62. Nf7 Bc2 1/2-1/2